| 000 | 01433nam a2200313Ia 4500 | ||
|---|---|---|---|
| 001 | Para_5628 | ||
| 003 | CHAP | ||
| 008 | 220125s2001 xx 000 0 und d | ||
| 010 | _a204038 | ||
| 020 | _a968 - 884 - 745 - 3 | ||
| 040 | _cCHAP | ||
| 082 | _aPA 338.972 M38 | ||
| 100 |
_aMata García, Bernardino _972863 |
||
| 245 |
_aMéxico rural : _b políticas para su reconstrucción / _c Bernardino Mata García, Clemente Villanueva Verduzco |
||
| 260 |
_aMéxico : _b Universidad Autónoma Chapingo |
||
| 300 | _a393 p. | ||
| 650 |
_aDesarrollo de la comunidad rural _x México _9151165 |
||
| 650 |
_aDesarrollo rural _932067 |
||
| 650 |
_aExtensión Agrícola _939144 |
||
| 700 |
_aVillanueva Verduzco, Clemente coord. _9154274 |
||
| 710 | 2 |
_aUniversidad Autónoma Chapingo _9143749 |
|
| 901 | _aPA 338.972 M38 | ||
| 902 | _aM | ||
| 905 | _a3232202001 mx n 8000000300spa06 | ||
| 910 | _a2001 | ||
| 942 | _cPARA | ||
| 942 |
_cPARA _d1 |
||
| 999 |
_c204038 _d204038 |
||